大宮から2駅の停車で行ける駅 - Statistics

General Stats
  • This quiz has been taken 26 times
  • The average score is 84 of 171
Answer Stats
駅名 % Correct
高崎
100%
赤羽
95%
浦和
95%
東京
95%
長野
95%
東大宮
95%
上尾
90%
宇都宮
90%
軽井沢
90%
長岡
90%
上田
86%
越後湯沢
86%
郡山
86%
本庄早稲田
86%
盛岡
86%
与野
86%
安中榛名
81%
佐久平
81%
上毛高原
81%
富山
81%
福島
81%
与野本町
81%
飯山
76%
浦佐
76%
大宮
76%
桶川
76%
北浦和
76%
熊谷
76%
鴻巣
76%
燕三条
76%
南浦和
76%
大宮公園
71%
小山
71%
新宿
71%
新白河
71%
那須塩原
71%
西大宮
71%
古川
71%
さいたま新都心
67%
上越妙高
67%
一ノ関
62%
ガーラ湯沢
62%
春日部
62%
倉賀野
62%
品川
62%
白石蔵王
62%
新鹿沼
62%
新前橋
62%
高崎問屋町
62%
千葉
62%
蓮田
62%
あおば通
57%
鶯谷
57%
御徒町
57%
籠原
57%
57%
神田
57%
行田
57%
新橋
57%
西浦和
57%
日暮里
57%
深谷
57%
宮原
57%
有楽町
57%
秋葉原
52%
小金井
52%
新栃木
52%
雀宮
52%
土呂
52%
長町
52%
水戸
52%
横浜
52%
青葉通一番町
48%
稲荷町
48%
海浜幕張
48%
加茂宮
48%
北上尾
48%
錦糸町
48%
新日本橋
48%
蘇我
48%
土浦
48%
東照宮
48%
八丁堀
48%
東仙台
48%
入谷
43%
上野広小路
43%
大手町
43%
尾久
43%
北高崎
43%
篠ノ井
43%
渋谷
43%
榴ケ岡
43%
中浦和
43%
仲御徒町
43%
新座
43%
南福島
43%
米沢
43%
空港第2ビル
43%
岩沼
38%
岡本
38%
小田林
38%
思川
38%
北長野
38%
銀座
38%
古河
38%
市役所前
38%
新宿三丁目
38%
新町
38%
戸田公園
38%
浜松町
38%
東福島
38%
朝霞台
33%
石打
33%
板橋
33%
五橋
33%
大塚
33%
要町
33%
上所
33%
北池袋
33%
北戸田
33%
小竹向原
33%
椎名町
33%
石神井公園
33%
雑司が谷
33%
所沢
33%
成増
33%
新津
33%
東池袋
33%
広瀬通
33%
間々田
33%
南高崎
33%
目白
33%
和光市
33%
安茂里
29%
上板橋
29%
上熊谷
29%
川中島
29%
笹木野
29%
新大塚
29%
新大平下
29%
新越谷
29%
相馬
29%
田端
29%
豊栄
29%
豊野
29%
中軽井沢
29%
七里
29%
練馬
29%
東新潟
29%
ふじみ野
29%
越後石山
24%
大平下
24%
亀田
24%
塩釜
24%
鶴田
24%
東岩槻
24%
ふかや花園
24%
宮城野通
24%
明科
19%
岩原スキー場前
19%
卸町
19%
鹿島台
19%
行田市
19%
塩沢
19%
ソシオ流通センター
19%
曽根田
19%
権堂
14%
武川
14%
板倉東洋大前
10%
南栗橋
10%
替佐
5%
No matching quizzes found
Score Distribution
Percent of People with Each Score
Percentile by Number Answered
Your Score History
You have not taken this quiz